000 00227nam a22000857a 4500
008 170614b xxu||||| |||| 00| 0 eng d
100 _93391
_aGupta. R. G
245 _aCompo Mathematics for us - VI
260 _aNew Delhi
_bA. P. C
_c2010
999 _c6751
_d6751